000
00308nam a22001217a 4500
020
_a
NA
082
_2
22
_a
294.382322
100
_a
Thera, Narada.
245
_a
The Dhammapada /
260
_b
The coporate body of the buddha educationd foundation.
_c
c 1994.
300
_a
333 p, ;
_b
NA
_c
24 cm.
942
_2
ddc
_c
F
999
_c
4297
_d
4297